Normal view
MARC view
- Schaum,Daniel
Entry Personal Name
001 - CONTROL NUMBER
- control field: 113586
003 - CONTROL NUMBER IDENTIFIER
- control field: NUST
005 - DATE AND TIME OF LATEST TRANSACTION
- control field: 20230712125015.0
008 - FIXED-LENGTH DATA ELEMENTS
- fixed length control field: 230712|| aca||aabn | a|a d
040 ## - CATALOGING SOURCE
- Original cataloging agency: NUST
- Transcribing agency: NUST
100 ## - HEADING--PERSONAL NAME
- Personal name: Schaum,Daniel
670 ## - SOURCE DATA FOUND
- Source citation: Work cat.: (NUST)183381: Schaum,Daniel, Schaum's outline of theory and problems of college chemistry /, c1966
